000
00288nam a22001337a 4500
003
SGT
082
_a
616.01
_b
S20M
100
_a
MONIKA
245
_a
A STUDY OF SERUM INTERLEKIN -10 LEVELS IN DENGUE
260
_a
SGTU
_c
2020
300
_a
95
650
_a
MICROBIOLOGY
942
_2
ddc
_c
TH
999
_c
20748
_d
20748